Statistiques concernant Qui a dit ? (Mulan)

Cliquez ici pour prendre le quiz!

Statistiques générales

  • Ce quiz a été pris 127 fois
  • Le résultat moyen est 53 sur 60

Statistiques - réponses

QuestionTuileSelect% Correct
Mon petit bébé qui part massacrer les barbares !Non
99%
Elle n'est pas à prendre avec des baguettesNon
99%
Mon petit bébé qui part massacrer les barbares !Non
99%
Je ne veux plus voir un homme nu de ma vie.Non
99%
Ca, c’est ce que j’appelle un barbecue mongole.Non
98%
Mon petit bébé qui part massacrer les barbares !Non
98%
Ca, c’est ce que j’appelle un barbecue mongole.Non
98%
Je ne veux plus voir un homme nu de ma vie.Non
98%
Vous me devez une paire de savate !Non
98%
Vous me devez une paire de savate !Non
97%
Elle n'est pas à prendre avec des baguettesNon
97%
Mon petit bébé qui part massacrer les barbares !Non
97%
Vous me devez une paire de savate !Non
97%
je ne mordrais plus une seule fesse.Non
96%
Ca, c’est ce que j’appelle un barbecue mongole.Non
96%
Vous me devez une paire de savate !Non
96%
Déshonneur sur toi, déshonneur sur ta famille, déshonneur sur ta vache.Non
96%
Déshonneur sur toi, déshonneur sur ta famille, déshonneur sur ta vache.Non
96%
Je ne veux plus voir un homme nu de ma vie.Non
96%
Mon air viril me donne un style qui séduit leurs coeursNon
95%
Vous me devez une paire de savate !Non
95%
Je ne veux plus voir un homme nu de ma vie.Non
95%
Déshonneur sur toi, déshonneur sur ta famille, déshonneur sur ta vache.Non
95%
Elle n'est pas à prendre avec des baguettesNon
95%
je ne mordrais plus une seule fesse.Non
95%
je ne mordrais plus une seule fesse.Non
95%
je ne mordrais plus une seule fesse.Non
94%
Je m’engage pour la prochaine guerre !Non
94%
Elle me grossit pas un peu cette robe ?Non
94%
Je m’engage pour la prochaine guerre !Non
94%
Elle me grossit pas un peu cette robe ?Non
93%
Mon air viril me donne un style qui séduit leurs coeursNon
92%
Elle me grossit pas un peu cette robe ?Non
91%
Je ne veux plus voir un homme nu de ma vie.Non
91%
Mon air viril me donne un style qui séduit leurs coeursNon
91%
Vous me devez une paire de savate !Oui
91%
Elle n'est pas à prendre avec des baguettesNon
90%
Mon air viril me donne un style qui séduit leurs coeursNon
90%
Ca, c’est ce que j’appelle un barbecue mongole.Non
90%
Elle me grossit pas un peu cette robe ?Non
90%
je ne mordrais plus une seule fesse.Non
89%
Déshonneur sur toi, déshonneur sur ta famille, déshonneur sur ta vache.Non
89%
Elle n'est pas à prendre avec des baguettesNon
88%
Je m’engage pour la prochaine guerre !Non
87%
Je m’engage pour la prochaine guerre !Non
87%
je ne mordrais plus une seule fesse.Oui
86%
Mon petit bébé qui part massacrer les barbares !Non
85%
Je ne veux plus voir un homme nu de ma vie.Oui
85%
Je m’engage pour la prochaine guerre !Non
84%
Mon petit bébé qui part massacrer les barbares !Oui
83%
Mon air viril me donne un style qui séduit leurs coeursOui
81%
Déshonneur sur toi, déshonneur sur ta famille, déshonneur sur ta vache.Non
76%
Elle n'est pas à prendre avec des baguettesOui
75%
Ca, c’est ce que j’appelle un barbecue mongole.Non
72%
Elle me grossit pas un peu cette robe ?Non
68%
Déshonneur sur toi, déshonneur sur ta famille, déshonneur sur ta vache.Oui
65%
Ca, c’est ce que j’appelle un barbecue mongole.Oui
64%
Je m’engage pour la prochaine guerre !Oui
60%
Elle me grossit pas un peu cette robe ?Oui
57%
Mon air viril me donne un style qui séduit leurs coeursOui
2%

Distribution des résultats

Percentile par nombre de réponses

% des personnes avec chaque résultat

Votre développement - résultats

Vous n’avez pas pris ce quiz